000 00647nam a2200301Ia 4500
005 20260401122232.0
008 008 250103s9999 xx 000 0 eng d
020 _a8125014241
037 _aTB
040 _aEDL
040 _beng
040 _cEDL
041 _2eng
041 _aeng
084 _a891.463 KAR
084 _qEDL
100 _aKarve, Irawati
245 0 _aYuganta: End of an Epoch
245 0 _cKarve, Irawati
260 _aHyderabad
260 _bOrient Longman
260 _c1991
300 _a217p
942 _cTB
942 _h891.463 KAR
999 _c1845853
_d1845853